Cytoskeleton Dynamics (Record no. 92915)

MARC details
000 -LEADER
fixed length control field 02708namaa2200445uu 4500
001 - CONTROL NUMBER
control field doab84064
003 - CONTROL NUMBER IDENTIFIER
control field oapen
005 - DATE AND TIME OF LATEST TRANSACTION
control field 20260305123949.0
006 - FIXED-LENGTH DATA ELEMENTS--ADDITIONAL MATERIAL CHARACTERISTICS
fixed length control field m o d
007 - PHYSICAL DESCRIPTION FIXED FIELD--GENERAL INFORMATION
fixed length control field cr|mn|---annan
008 - FIXED-LENGTH DATA ELEMENTS--GENERAL INFORMATION
fixed length control field 220610s2020 xx |||||o ||| 0|eng d
020 ## - INTERNATIONAL STANDARD BOOK NUMBER
International Standard Book Number 978-1-0716-0219-5
020 ## - INTERNATIONAL STANDARD BOOK NUMBER
International Standard Book Number 9781071602188
020 ## - INTERNATIONAL STANDARD BOOK NUMBER
International Standard Book Number 9781071602195
020 ## - INTERNATIONAL STANDARD BOOK NUMBER
International Standard Book Number 9781071602218
024 7# - OTHER STANDARD IDENTIFIER
Standard number or code 10.1007/978-1-0716-0219-5
Source of number or code doi
040 ## - CATALOGING SOURCE
Original cataloging agency oapen
Transcribing agency oapen
041 0# - LANGUAGE CODE
Language code of text/sound track or separate title eng
042 ## - AUTHENTICATION CODE
Authentication code dc
072 #7 - SUBJECT CATEGORY CODE
Subject category code PS
Source bicssc
072 #7 - SUBJECT CATEGORY CODE
Subject category code PSB
Source bicssc
245 00 - TITLE STATEMENT
Title Cytoskeleton Dynamics
Remainder of title Methods and Protocols
260 ## - PUBLICATION, DISTRIBUTION, ETC.
Name of publisher, distributor, etc. Humana Press
Date of publication, distribution, etc. 2020
300 ## - PHYSICAL DESCRIPTION
Extent 1 online resource (390 p.)
336 ## - CONTENT TYPE
Content type term text
Content type code txt
Source rdacontent
337 ## - MEDIA TYPE
Media type term computer
Media type code c
Source rdamedia
338 ## - CARRIER TYPE
Carrier type term online resource
Carrier type code cr
Source rdacarrier
490 1# - SERIES STATEMENT
Series statement Methods in Molecular Biology
506 0# - RESTRICTIONS ON ACCESS NOTE
Terms governing access Free-to-read
Standardized terminology for access restriction Unrestricted online access
Source of term star
520 ## - SUMMARY, ETC.
Summary, etc. This volume details comprehensive state-of-the-art methods on actin microfilaments and microtubules and how they work to achieve different cellular functions in different cellular contexts. Chapters guide readers through protein purification, in vitro reconstitution of several cytoskeleton properties, analyses of microtubule- and actin-based structures, functional dissection of post-translational modifications, and roles in several biological processes. Written in the highly successful Methods in Molecular Biology series format, chapters include introductions to their respective topics, lists of the necessary materials and reagents, step-by-step, readily reproducible laboratory protocols, and tips on troubleshooting and avoiding known pitfalls. Authoritative and cutting-edge, Cytoskeleton Dynamics: Methods and Protocols aims to provide a wide range of experimental approaches and be an invaluable resource for present and future generations of cytoskeleton researchers. The chapter "Visualization and Functional Analysis of Spindle Actin and Chromosome Segregation in Mammalian Oocytes" is available open access under a Creative Commons Attribution 4.0 International License via link.springer.com.
540 ## - TERMS GOVERNING USE AND REPRODUCTION NOTE
Terms governing use and reproduction All rights reserved
Uniform Resource Identifier <a href="http://oapen.org/content/about-rights">http://oapen.org/content/about-rights</a>
546 ## - LANGUAGE NOTE
Language note English
650 #7 - SUBJECT ADDED ENTRY--TOPICAL TERM
Topical term or geographic name entry element Biochemistry
Source of heading or term bicssc
650 #7 - SUBJECT ADDED ENTRY--TOPICAL TERM
Topical term or geographic name entry element Biology, life sciences
Source of heading or term bicssc
653 ## - INDEX TERM--UNCONTROLLED
Uncontrolled term microtubules; golgi-mediated microtubule organization; protein purification; in vitro reconstitution; cytoskeleton properties; nuclear migration
720 1# - ADDED ENTRY--UNCONTROLLED NAME
Name Maiato, Helder
Relationship edt
720 1# - ADDED ENTRY--UNCONTROLLED NAME
Name Maiato, Helder
Relationship oth
793 0# -
-- DOAB Library.
856 40 - ELECTRONIC LOCATION AND ACCESS
Uniform Resource Identifier <a href="https://directory.doabooks.org/handle/20.500.12854/84064">https://directory.doabooks.org/handle/20.500.12854/84064</a>
Access status 0
Public note Free-to-read: DOAB: description of the publication

No items available.

Powered by Koha